Central Library OPAC University of Rajshahi

The problem of international economic equilibrium / (Record no. 6267)

MARC details
000 -LEADER
fixed length control field 00730nam a2200229 a 4500
001 - CONTROL NUMBER
control field 6267
003 - CONTROL NUMBER IDENTIFIER
rucl marc code BD-RjUL
005 - DATE AND TIME OF LATEST TRANSACTION
control field 20211208234221.0
008 - FIXED-LENGTH DATA ELEMENTS--GENERAL INFORMATION
fixed length control field 140109s1962 ne a 000 0 eng d
035 ## - SYSTEM CONTROL NUMBER
System control number (BD-RjUL)6307
040 ## - CATALOGING SOURCE
Original cataloging agency BD-RjUL
Transcribing agency GAT
Modifying agency BD-RjUL
Language of cataloging eng
041 ## - LANGUAGE CODE
Language code of text/sound track or separate title eng
082 00 - DEWEY DECIMAL CLASSIFICATION NUMBER
Edition number 21
Classification number 332.15
Author mark and year LUP 1962
100 1# - MAIN ENTRY--PERSONAL NAME
Personal name Lutz, Friedrich A.
Fuller form of name (Friedrich August),
9 (RLIN) 9538
245 14 - TITLE STATEMENT
Title The problem of international economic equilibrium /
Statement of responsibility, etc. Lutz, Friedrich A.
260 ## - PUBLICATION, DISTRIBUTION, ETC. (IMPRINT)
Place of publication, distribution, etc. Amsterdam :
Name of publisher, distributor, etc. North-Holland Pub. Co.,
Date of publication, distribution, etc. 1962.
300 ## - PHYSICAL DESCRIPTION
Pagination 75 p. :
Illustrations illus. ;
Size 20 cm.
490 0# - SERIES STATEMENT
Series statement Professor Dr. F. de Vries lectures
650 #0 - SUBJECT ADDED ENTRY--TOPICAL TERM
Topical term or geographic name as entry element Balance of payments.
9 (RLIN) 19710
Topical term or geographic name as entry element International economic relations.
9 (RLIN) 19711
942 ## - ADDED ENTRY ELEMENTS (KOHA)
Source of classification or shelving scheme Dewey Decimal Classification
Koha item type Books
Holdings
Lost status Source of classification or shelving scheme Damaged status Not for loan Collection code Permanent Location Current Location Shelving location Date acquired Source of acquisition Cost, normal purchase price Total Checkouts Full call number Date last seen Copy number Koha item type
  Dewey Decimal Classification     Non-fiction Central Library, University of Rajshahi Central Library, University of Rajshahi   21/03/1965 Sweets & Zeitlinger 13.00   332.15 LUP 1962 09/01/2014 C-2 Books
  Dewey Decimal Classification     Non-fiction Central Library, University of Rajshahi Central Library, University of Rajshahi   21/03/1965 Sweets and zeitlinger 13.00   332.15 LUP 1962 24/08/2016 C-3 Books
  Dewey Decimal Classification     Non-fiction Central Library, University of Rajshahi Central Library, University of Rajshahi   17/11/1965 Sweets and zeitlinger 13.00   332.15 LUP 1962 24/08/2016 C-4 Books
  Dewey Decimal Classification     Non-fiction Central Library, University of Rajshahi Central Library, University of Rajshahi   17/11/1965 Sweets and zeitlinger 13.00   332.15 LUP 1962 24/08/2016 C-5 Books
  Dewey Decimal Classification     Non-fiction Central Library, University of Rajshahi Central Library, University of Rajshahi   04/11/1965 Sweets and zeitlinger 13.00   332.15 LUP 1962 24/08/2016 C-6 Books
  Dewey Decimal Classification     Non-fiction Central Library, University of Rajshahi Central Library, University of Rajshahi   21/03/1965 Sweets and zeitlinger 13.00   332.15 LUP 1962 24/08/2016 C-7 Books
  Dewey Decimal Classification     Non-fiction Central Library, University of Rajshahi Central Library, University of Rajshahi   17/11/1965 Sweets and zeitlinger 13.00   332.15 LUP 1962 24/08/2016 C-8 Books
  Dewey Decimal Classification     Non-fiction Central Library, University of Rajshahi Central Library, University of Rajshahi   18/03/1966 Sweets and zeitlinger 13.00   332.15 LUP 1962 24/08/2016 C-9 Books
  Dewey Decimal Classification     Non-fiction Central Library, University of Rajshahi Central Library, University of Rajshahi   03/06/1964 Sweets and zeitlinger 13.00   332.15 LUP 1962 24/08/2016 C-10 Books
  Dewey Decimal Classification   Not For Loan Non-fiction Central Library, University of Rajshahi Central Library, University of Rajshahi Reading Room 03/06/1964 Sweets and zeitlinger 13.00   332.15 LUP 1962 24/08/2016 C-1 Books